Phương pháp giáo dục thể chất trẻ em
Trình bày những vấn đề chung về giáo dục thể chất, tổ chức giáo dục thể chất cho trẻ trong trường mầm non.
Uloženo v:
| Hlavní autor: | |
|---|---|
| Médium: | Kniha |
| Jazyk: | Undetermined |
| Vydáno: |
Hà Nội
Nxb. Đại học quốc gia Hà Nội
2001
|
| Témata: | |
| Tagy: |
Přidat tag
Žádné tagy, Buďte první, kdo otaguje tento záznam!
|
| Thư viện lưu trữ: | Trung tâm Học liệu Trường Đại học Cần Thơ |
|---|
| LEADER | 00772nam a2200193Ia 4500 | ||
|---|---|---|---|
| 001 | CTU_226552 | ||
| 008 | 210402s9999 xx 000 0 und d | ||
| 082 | |a 372.86 | ||
| 082 | |b B558 | ||
| 100 | |a Hoàng, Thị Bưởi | ||
| 245 | 0 | |a Phương pháp giáo dục thể chất trẻ em | |
| 245 | 0 | |c Hoàng Thị Bưởi | |
| 260 | |a Hà Nội | ||
| 260 | |b Nxb. Đại học quốc gia Hà Nội | ||
| 260 | |c 2001 | ||
| 520 | |a Trình bày những vấn đề chung về giáo dục thể chất, tổ chức giáo dục thể chất cho trẻ trong trường mầm non. | ||
| 650 | |a Physical education,Giáo dục thể chất | ||
| 910 | |b vtbtruc | ||
| 980 | |a Trung tâm Học liệu Trường Đại học Cần Thơ | ||